[Event "7. Torneo de Promoción de Almansa 2012"]
[Site "Almansa ESP"]
[Date "2012.08.07"]
[Round "1.1"]
[White "Fernandez Barrera, Victor"]
[Black "Jordan Martinez, Miguel"]
[Result "1-0"]
[WhiteElo "2316"]
[BlackElo "2144"]
[PlyCount "91"]
[EventDate "2012.08.07"]
[EventType "swiss"]
[EventRounds "9"]
[EventCountry "ESP"]
[Source "lmi"]
[SourceDate "2012.08.07"]

1. e4 e6 2. d4 d5 3. Nc3 Nf6 4. Bg5 Bb4 5. e5 h6 6. Bd2 Bxc3 7. bxc3 Ne4 8. Qg4
g6 9. Bd3 Nxd2 10. Kxd2 c5 11. Nf3 Qa5 12. Rhb1 cxd4 13. Nxd4 Nc6 14. Bb5 Bd7
15. Bxc6 bxc6 16. Nb3 Qc7 17. Qd4 c5 18. Nxc5 Rc8 19. Nd3 O-O 20. h4 Qa5 21.
Qb4 Qd8 22. g3 Rc4 23. Qb7 Ba4 24. Rb4 Qa5 25. Rxc4 dxc4 26. Qb4 Qxb4 27. Nxb4
a5 28. Na6 Rd8+ 29. Kc1 Bc6 30. Rb1 Bf3 31. Rb8 Rxb8 32. Nxb8 Kf8 33. Nd7+ Ke7
34. Nb6 Bd5 35. Kd2 f6 36. f4 fxe5 37. fxe5 g5 38. hxg5 hxg5 39. Ke3 Bc6 40. a3
Bb5 41. Kd4 Kf7 42. Nxc4 Kg6 43. g4 a4 44. Kc5 Ba6 45. Ne3 Be2 46. Kd6 1-0

[Event "7. Torneo de Promoción de Almansa 2012"]
[Site "Almansa ESP"]
[Date "2012.08.07"]
[Round "1.2"]
[White "Uran Bermudez, Oliver Kevin"]
[Black "Kovacevic, Slobodan"]
[Result "1/2-1/2"]
[WhiteElo "2135"]
[BlackElo "2300"]
[PlyCount "92"]
[EventDate "2012.08.07"]
[EventType "swiss"]
[EventRounds "9"]
[EventCountry "ESP"]
[Source "lmi"]
[SourceDate "2012.08.07"]

1. e4 c5 2. Nf3 e6 3. d4 cxd4 4. Nxd4 a6 5. Bd3 Nf6 6. O-O d6 7. c4 Nbd7 8. Nc3
Qc7 9. Be3 Be7 10. f4 g6 11. f5 Ne5 12. fxe6 fxe6 13. Kh1 O-O 14. Qe2 Bd7 15.
a4 Nfg4 16. b3 Nxe3 17. Qxe3 Bf6 18. Be2 Qc5 19. Nc2 Qxe3 20. Nxe3 Nc6 21. Ned1
Nd4 22. Rb1 Nxe2 23. Nxe2 b5 24. axb5 axb5 25. Nec3 Bxc3 26. Nxc3 Rxf1+ 27.
Rxf1 bxc4 28. bxc4 Rc8 29. Nb5 Rxc4 30. Nxd6 Rd4 31. e5 Bc6 32. Kg1 Rd5 33. Nc8
Rc5 34. Ne7+ Kg7 35. Nxc6 Rxc6 36. Rf6 Kh6 37. Kf2 Kg5 38. Kg3 Ra6 39. h4+ Kh5
40. Kh3 Kh6 41. g3 Kg7 42. Kg4 Ra4+ 43. Kf3 Ra3+ 44. Kf4 Ra6 45. Kf3 Rb6 46.
Kf4 Ra6 1/2-1/2

[Event "7. Torneo de Promoción de Almansa 2012"]
[Site "Almansa ESP"]
[Date "2012.08.07"]
[Round "1.3"]
[White "Jimenez Martinez, Jose Vicente"]
[Black "Grigoriev, Ivan"]
[Result "1/2-1/2"]
[WhiteElo "2285"]
[BlackElo "2129"]
[PlyCount "94"]
[EventDate "2012.08.07"]
[EventType "swiss"]
[EventRounds "9"]
[EventCountry "ESP"]
[Source "lmi"]
[SourceDate "2012.08.07"]

1. d4 Nf6 2. c4 c5 3. d5 e6 4. Nc3 exd5 5. cxd5 d6 6. e4 g6 7. f4 Qe7 8. Nf3
Bg4 9. Bb5+ Nfd7 10. a4 Bg7 11. O-O O-O 12. h3 Bxf3 13. Qxf3 Na6 14. e5 Nb4 15.
Ne4 Nc2 16. exd6 Qd8 17. Rb1 Nd4 18. Qa3 Nxb5 19. axb5 Re8 20. Qd3 Nf6 21.
Nxf6+ Qxf6 22. f5 Qxd6 23. Qf3 Bd4+ 24. Kh1 gxf5 25. Qxf5 Qg6 26. Bd2 Re2 27.
Qxg6+ hxg6 28. Bf4 Rd8 29. d6 Be5 30. Bxe5 Rxe5 31. Rfd1 Re6 32. d7 Re7 33. Ra1
Rexd7 34. Rxd7 Rxd7 35. Rxa7 Rd2 36. Rxb7 Rxb2 37. Kh2 c4 38. Rc7 Rxb5 39. Rxc4
Rb3 40. Rc5 f5 41. Rc7 Rd3 42. h4 Kf8 43. h5 Rd1 44. Rc6 gxh5 45. Rh6 Kg7 46.
Rxh5 Kg6 47. Rh8 Kg5 1/2-1/2

[Event "7. Torneo de Promoción de Almansa 2012"]
[Site "Almansa ESP"]
[Date "2012.08.07"]
[Round "1.4"]
[White "Navarro Diaz, Carles"]
[Black "Montoliu Cervero, Francisco"]
[Result "0-1"]
[WhiteElo "2117"]
[BlackElo "2270"]
[PlyCount "82"]
[EventDate "2012.08.07"]
[EventType "swiss"]
[EventRounds "9"]
[EventCountry "ESP"]
[Source "lmi"]
[SourceDate "2012.08.07"]

1. Nf3 d5 2. g3 Nf6 3. Bg2 c5 4. c4 dxc4 5. Na3 Nc6 6. Qa4 Bd7 7. Qxc4 e6 8.
O-O a6 9. d3 b5 10. Qc2 Rc8 11. Bf4 Nd5 12. e4 Ndb4 13. Qd2 f6 14. e5 fxe5 15.
Bxe5 Nxe5 16. Nxe5 Bd6 17. Nxd7 Qxd7 18. Bh3 O-O 19. d4 Nd5 20. Rae1 Rce8 21.
Nc2 c4 22. Qa5 Qc8 23. a4 Bc7 24. Qd2 Re7 25. axb5 axb5 26. Qg5 Qd7 27. Ne3 h6
28. Bxe6+ Rxe6 29. Qxd5 Rd8 30. Qc5 Bb6 31. Qb4 Bxd4 32. Rd1 Rd6 33. Rde1 Kh8
34. Nc2 Bf6 35. Na3 Rd5 36. Re4 Qf5 37. Rfe1 Kh7 38. R1e2 Rd1+ 39. Kg2 R8d5 40.
h4 R5d3 41. Qxb5 Qf3+ 0-1

[Event "7. Torneo de Promoción de Almansa 2012"]
[Site "Almansa ESP"]
[Date "2012.08.07"]
[Round "1.6"]
[White "Varga, Mariano"]
[Black "Diaz Velandia, Jose Manuel"]
[Result "0-1"]
[WhiteElo "2103"]
[BlackElo "2251"]
[PlyCount "98"]
[EventDate "2012.08.07"]
[EventType "swiss"]
[EventRounds "9"]
[EventCountry "ESP"]
[Source "lmi"]
[SourceDate "2012.08.07"]

1. d4 d5 2. c4 c6 3. cxd5 cxd5 4. Nc3 e6 5. Nf3 Nc6 6. Bf4 Qb6 7. Rb1 Nf6 8. e3
a6 9. Bd3 Be7 10. Ne5 O-O 11. O-O Nb4 12. Be2 Nd7 13. a3 Nxe5 14. Bxe5 Nc6 15.
Bg3 Qa7 16. Rc1 Bd7 17. Na4 b6 18. b4 Rfc8 19. Qb3 Nd8 20. Nc3 b5 21. Rc2 Nb7
22. Rfc1 Qb6 23. Na2 Nd6 24. Bxd6 Bxd6 25. Rxc8+ Bxc8 26. Rc3 Bd7 27. Nc1 a5
28. Nd3 axb4 29. axb4 Ra1+ 30. Bf1 g6 31. g3 Qa7 32. Nc5 Be8 33. Kg2 h5 34. h4
Kf8 35. Bd3 Qa8 36. Bb1 e5 37. Qc2 e4 38. Qb2 Ra7 39. Rc2 Ke7 40. Qb3 Ra3 41.
Qb2 f6 42. Ba2 Bf7 43. Bb3 g5 44. hxg5 fxg5 45. Rc1 h4 46. Rh1 Bh5 47. Bxd5
Bf3+ 48. Kh2 hxg3+ 49. fxg3 Qh8+ 0-1

[Event "7. Torneo de Promoción de Almansa 2012"]
[Site "Almansa ESP"]
[Date "2012.08.07"]
[Round "1.7"]
[White "Martin Duque, Jesus"]
[Black "Diaz Rodriguez, Jose Antonio"]
[Result "1-0"]
[WhiteElo "2245"]
[BlackElo "2087"]
[PlyCount "61"]
[EventDate "2012.08.07"]
[EventType "swiss"]
[EventRounds "9"]
[EventCountry "ESP"]
[Source "lmi"]
[SourceDate "2012.08.07"]

1. e4 e6 2. d4 d5 3. e5 c5 4. c3 f5 5. Nf3 cxd4 6. cxd4 Bb4+ 7. Nc3 Ne7 8. Bd3
O-O 9. O-O a6 10. Ne2 Ng6 11. g3 Nc6 12. h4 h6 13. h5 Nh8 14. Nf4 Qe8 15. Be3
Be7 16. Kg2 Bg5 17. Rh1 Bd7 18. Nxg5 hxg5 19. Nh3 g4 20. Nf4 Rc8 21. h6 g6 22.
h7+ Kf7 23. Rh6 Nb4 24. Bb1 Qd8 25. a3 Nc6 26. Nxg6 Nxg6 27. Rxg6 Rh8 28. Rf6+
Ke7 29. Bg5 Qb6 30. Rxf5+ Ke8 31. Rf4 1-0

[Event "7. Torneo de Promoción de Almansa 2012"]
[Site "Almansa ESP"]
[Date "2012.08.07"]
[Round "1.8"]
[White "Moreno Ibanez, Miguel"]
[Black "Berrocal, Jorge"]
[Result "0-1"]
[WhiteElo "2087"]
[BlackElo "2240"]
[PlyCount "188"]
[EventDate "2012.08.07"]
[EventType "swiss"]
[EventRounds "9"]
[EventCountry "ESP"]
[Source "lmi"]
[SourceDate "2012.08.07"]

1. e4 e6 2. d4 d5 3. Nd2 Nf6 4. e5 Nfd7 5. Bd3 c5 6. c3 Nc6 7. Ngf3 cxd4 8.
cxd4 Qb6 9. O-O Nxd4 10. Nxd4 Qxd4 11. Nf3 Qb6 12. Qa4 Qb4 13. Qc2 Qc5 14. Qe2
Qb6 15. a3 Be7 16. b4 O-O 17. Be3 Qd8 18. Qc2 g6 19. Rac1 a5 20. Qa4 Nb6 21.
Qb5 d4 22. Bxd4 Nd5 23. Bc5 axb4 24. axb4 b6 25. Bxe7 Qxe7 26. Ra1 Bb7 27. Bc4
Qxb4 28. Qxb4 Nxb4 29. Rab1 Nc2 30. Rb2 Bxf3 31. Rxc2 Be4 32. Rb2 Rfc8 33. Be2
Rc2 34. Rxc2 Bxc2 35. Rc1 Ra2 36. f3 Rb2 37. Kf1 h5 38. g3 Kg7 39. Ke1 h4 40.
gxh4 Bb3 41. Kf2 b5 42. Ke3 Bd5 43. h3 b4 44. Bc4 Bxc4 45. Rxc4 b3 46. Rb4 Kh6
47. Kf4 Rb1 48. Kg3 Kg7 49. Kg2 Kf8 50. Rb7 Ke8 51. Kg3 b2 52. Kf4 Kd8 53. Rb5
Kc7 54. Rb4 Kc6 55. Rb8 Kd5 56. Rd8+ Kc4 57. Rc8+ Kd3 58. Rd8+ Ke2 59. Rb8 Kf2
60. Rb3 Ke2 61. Rb5 Kd3 62. Rb8 Kd4 63. Rd8+ Kc5 64. Rc8+ Kd5 65. Rd8+ Kc6 66.
Rb8 Kc7 67. Rb3 Kd7 68. Rb4 Ke8 69. Rb8+ Ke7 70. Rb7+ Kf8 71. Rb8+ Kg7 72. Rb7
Kg8 73. Rb8+ Kh7 74. Rb7 Kg7 75. Rb8 f6 76. Rb7+ Kf8 77. Rb8+ Kf7 78. Rb7+ Ke8
79. Rb8+ Ke7 80. Rb7+ Kf8 81. Rb8+ Kg7 82. Rb7+ Kh6 83. exf6 e5+ 84. Kxe5 Re1+
85. Kd6 b1=Q 86. Rxb1 Rxb1 87. Ke7 Rb7+ 88. Kf8 g5 89. Kg8 Kg6 90. f7 Rxf7 91.
h5+ Kf6 92. h6 Kg6 93. h4 gxh4 94. f4 Rb7 0-1

[Event "7. Torneo de Promoción de Almansa 2012"]
[Site "Almansa ESP"]
[Date "2012.08.07"]
[Round "1.9"]
[White "Pena Riasco, Alexander"]
[Black "Garcia Gata, Jorge D"]
[Result "1/2-1/2"]
[WhiteElo "2237"]
[BlackElo "2079"]
[PlyCount "164"]
[EventDate "2012.08.07"]
[EventType "swiss"]
[EventRounds "9"]
[EventCountry "ESP"]
[Source "lmi"]
[SourceDate "2012.08.07"]

1. e4 c5 2. Nf3 Nc6 3. d4 cxd4 4. Nxd4 g6 5. Nc3 Bg7 6. Be3 Nf6 7. Nxc6 bxc6 8.
e5 Nd5 9. Nxd5 cxd5 10. Bd4 O-O 11. Bd3 d6 12. Qe2 dxe5 13. Bxe5 Qa5+ 14. c3
Bxe5 15. Qxe5 Ba6 16. Bxa6 Qxa6 17. Qe2 Qxe2+ 18. Kxe2 Rab8 19. Rab1 Rb6 20.
Rhd1 e6 21. b4 Rc8 22. Rb3 Rbc6 23. Rd3 Rc4 24. Ra3 R8c7 25. Kd2 Kf8 26. h3 Ke7
27. Ra6 R4c6 28. Rxc6 Rxc6 29. a4 Kd6 30. g4 e5 31. Rf3 Ke7 32. g5 Rc4 33. Kc2
Rh4 34. a5 Rc4 35. Kb3 Rc7 36. Rf6 h6 37. h4 hxg5 38. hxg5 d4 39. c4 d3 40. Kc3
Rxc4+ 41. Kxd3 Rxb4 42. Ra6 Ra4 43. Rxa7+ Ke6 44. a6 Ra2 45. Ke3 Ra3+ 46. Ke2
Ra2+ 47. Ke3 Ra3+ 48. Ke4 Ra4+ 49. Kd3 Ra2 50. Ke3 Ra3+ 51. Kd2 Ra2+ 52. Ke1
Ra1+ 53. Ke2 Ra2+ 54. Kf1 Ra4 55. Kg2 Ra3 56. f3 Ra2+ 57. Kg3 Ra3 58. Ra8 Kf5
59. Ra7 Kxg5 60. Rxf7 Rxa6 61. Rf8 Ra3 62. Kg2 Ra4 63. Kg3 Ra2 64. Rf7 Re2 65.
Rf8 e4 66. fxe4 Re3+ 67. Kf2 Rxe4 68. Ra8 Kg4 69. Ra3 Rb4 70. Rg3+ Kf5 71. Rf3+
Rf4 72. Kg3 Rxf3+ 73. Kxf3 Kg5 74. Kg3 Kf5 75. Kf3 g5 76. Kg3 g4 77. Kg2 Kf4
78. Kf2 g3+ 79. Kg2 Kg4 80. Kg1 Kf3 81. Kf1 g2+ 82. Kg1 Kg3 1/2-1/2

[Event "7. Torneo de Promoción de Almansa 2012"]
[Site "Almansa ESP"]
[Date "2012.08.07"]
[Round "1.11"]
[White "Serna Lara, Sergio"]
[Black "Garcia Munoz, Raul"]
[Result "1/2-1/2"]
[WhiteElo "2234"]
[BlackElo "2072"]
[PlyCount "116"]
[EventDate "2012.08.07"]
[EventType "swiss"]
[EventRounds "9"]
[EventCountry "ESP"]
[Source "lmi"]
[SourceDate "2012.08.07"]

1. d4 Nf6 2. c4 e6 3. g3 d5 4. Nf3 dxc4 5. Bg2 Bd7 6. Ne5 Bc6 7. Nxc6 Nxc6 8.
O-O Be7 9. Qa4 O-O 10. Bxc6 bxc6 11. Qxc4 Qd5 12. Nd2 c5 13. Qxd5 Nxd5 14. dxc5
Bxc5 15. Nb3 Bb6 16. Bd2 a5 17. a4 Rfb8 18. Ra3 Kf8 19. Rc1 Ke7 20. e4 Nf6 21.
Bg5 h6 22. Bxf6+ Kxf6 23. Rc2 Ke5 24. Nd2 Rd8 25. Rb3 g5 26. h3 Rd7 27. Kf1
Rad8 28. Rb5+ Kf6 29. Nc4 Rd1+ 30. Kg2 Ra1 31. b3 Rd3 32. e5+ Kf5 33. Nxb6 cxb6
34. Rc7 Kg6 35. Rxb6 Ra2 36. Rbb7 Kf5 37. Rxf7+ Kxe5 38. Rb5+ Rd5 39. Rb6 Rd6
40. Rxd6 Kxd6 41. Ra7 Rb2 42. Ra6+ Ke7 43. Rb6 Kf6 44. Rb5 h5 45. Kf3 Rc2 46.
Kg2 Rc3 47. h4 gxh4 48. gxh4 e5 49. Rb7 Kf5 50. Rb5 Kf4 51. Rxa5 Rxb3 52. Ra8
Kg4 53. a5 Ra3 54. a6 Kxh4 55. a7 e4 56. Kf1 Ra2 57. Re8 Rxa7 58. Rxe4+ Kg5
1/2-1/2

[Event "7. Torneo de Promoción de Almansa 2012"]
[Site "Almansa ESP"]
[Date "2012.08.07"]
[Round "1.12"]
[White "Nicolas Zapata, Javier"]
[Black "Sanchez Jerez, Emilio Miguel"]
[Result "1-0"]
[WhiteElo "2043"]
[BlackElo "2226"]
[PlyCount "81"]
[EventDate "2012.08.07"]
[EventType "swiss"]
[EventRounds "9"]
[EventCountry "ESP"]
[Source "lmi"]
[SourceDate "2012.08.07"]

1. d4 b5 2. e4 Bb7 3. Bd3 e6 4. Qe2 a6 5. Nf3 c5 6. c3 Nc6 7. O-O cxd4 8. cxd4
Nb4 9. Nc3 Nxd3 10. Qxd3 b4 11. Ne2 Nf6 12. Ng3 d5 13. e5 Ne4 14. Nd2 Nxg3 15.
Qxg3 Qb6 16. Nf3 Rc8 17. Be3 b3 18. axb3 Qxb3 19. h4 h6 20. Nd2 Qd3 21. Rfc1 g6
22. Rxc8+ Bxc8 23. Rc1 Bd7 24. Rc3 Qb5 25. Rb3 Bb4 26. Nf1 Qc4 27. Nd2 Qb5 28.
Nf1 a5 29. Bd2 Qc4 30. Bxb4 axb4 31. Qe3 Ba4 32. Rd3 Bc2 33. Rd2 b3 34. Qf4 Qa4
35. Ne3 h5 36. Qf6 Rh7 37. Re2 Qa1+ 38. Kh2 Qxb2 39. Nxd5 exd5 40. e6 Qa3 41.
exf7+ 1-0

[Event "7. Torneo de Promoción de Almansa 2012"]
[Site "Almansa ESP"]
[Date "2012.08.07"]
[Round "1.13"]
[White "Montalban Galvez, Antoni"]
[Black "Jimenez Almeida, Luis David"]
[Result "1-0"]
[WhiteElo "2204"]
[BlackElo "2036"]
[PlyCount "109"]
[EventDate "2012.08.07"]
[EventType "swiss"]
[EventRounds "9"]
[EventCountry "ESP"]
[Source "lmi"]
[SourceDate "2012.08.07"]

1. Nf3 d5 2. d4 Nf6 3. c4 c6 4. Nc3 a6 5. c5 Nbd7 6. Bf4 b5 7. cxb6 Qxb6 8. Na4
Qa5+ 9. Bd2 Qc7 10. Rc1 e6 11. e3 Bd6 12. Bd3 O-O 13. O-O Bb7 14. h3 e5 15.
dxe5 Nxe5 16. Nxe5 Bxe5 17. Bc3 Nd7 18. Bf5 Bxc3 19. Rxc3 Nb6 20. Nxb6 Qxb6 21.
Qc2 g6 22. Bg4 f5 23. Bf3 Rab8 24. g3 Rfc8 25. Rc5 Qd8 26. Rc1 h5 27. h4 Kh7
28. Qc3 Qd6 29. b4 Rg8 30. Qd4 Rg7 31. Qf4 Qf8 32. a3 Rd8 33. Rd1 Re7 34. Qg5
Qg7 35. Rd4 Rc8 36. Qf4 Qf6 37. Rc3 Rf7 38. Rdd3 Qe7 39. Rd2 Ra8 40. Rdc2 Rd8
41. Kg2 Qf6 42. Qg5 Qd6 43. Qf4 Qf6 44. Qd4 Qd6 45. Qb6 Rg8 46. Rxc6 Bxc6 47.
Rxc6 Qd8 48. Qxa6 Rd7 49. b5 d4 50. exd4 Rxd4 51. Bxh5 gxh5 52. Rh6+ Kg7 53.
Qg6+ Kf8 54. Qxf5+ Ke8 55. Qe6+ 1-0

[Event "7. Torneo de Promoción de Almansa 2012"]
[Site "Almansa ESP"]
[Date "2012.08.07"]
[Round "1.14"]
[White "Buendia Pinar, Alvaro"]
[Black "Diez Fraile, David"]
[Result "1-0"]
[WhiteElo "2032"]
[BlackElo "2202"]
[PlyCount "65"]
[EventDate "2012.08.07"]
[EventType "swiss"]
[EventRounds "9"]
[EventCountry "ESP"]
[Source "lmi"]
[SourceDate "2012.08.07"]

1. d4 Nf6 2. c4 e6 3. Nf3 c5 4. Nc3 cxd4 5. Nxd4 a6 6. g3 Qc7 7. Qd3 Nc6 8.
Nxc6 Qxc6 9. e4 b6 10. Bg2 Bb7 11. Bd2 Rc8 12. b3 Be7 13. O-O O-O 14. h3 d6 15.
Rfe1 Rfd8 16. Rac1 Qc7 17. Kh2 Qb8 18. f4 Bf8 19. Be3 Ba8 20. Qe2 Rc7 21. Red1
Rdc8 22. e5 Bxg2 23. exf6 Ba8 24. fxg7 Bxg7 25. Rxd6 b5 26. c5 Qb7 27. Rb6 Qxb6
28. cxb6 Rxc3 29. Rxc3 Rxc3 30. Bd2 Rc8 31. Qd3 Bd5 32. a4 bxa4 33. bxa4 1-0

[Event "7. Torneo de Promoción de Almansa 2012"]
[Site "Almansa ESP"]
[Date "2012.08.07"]
[Round "1.15"]
[White "Gil Quilez, David"]
[Black "Zamora Soler, Raul"]
[Result "1-0"]
[WhiteElo "2179"]
[BlackElo "2022"]
[PlyCount "137"]
[EventDate "2012.08.07"]
[EventType "swiss"]
[EventRounds "9"]
[EventCountry "ESP"]
[Source "lmi"]
[SourceDate "2012.08.07"]

1. e4 e6 2. d4 d5 3. Nc3 Nf6 4. e5 Nfd7 5. f4 c5 6. Nf3 Nc6 7. Be3 Be7 8. Qd2
cxd4 9. Nxd4 Nxd4 10. Bxd4 a6 11. Bd3 Bc5 12. Ne2 Bxd4 13. Nxd4 Nc5 14. c3
Nxd3+ 15. Qxd3 g6 16. O-O Bd7 17. Rf2 Rc8 18. Qh3 Qe7 19. Re1 Kd8 20. Re3 Kc7
21. Qh6 Qf8 22. Rh3 f5 23. Qxf8 Rcxf8 24. Rh6 Rfg8 25. Nf3 Rg7 26. Ng5 Kb6 27.
Rf3 Kc5 28. Kf2 b5 29. Ke2 Kc4 30. Kd2 a5 31. Rfh3 a4 32. Rxh7 Rgxh7 33. Rxh7
Rxh7 34. Nxh7 Be8 35. Ng5 Bd7 36. Nf3 b4 37. h3 bxc3+ 38. bxc3 Bc6 39. g4 fxg4
40. hxg4 d4 41. Nxd4 Bd5 42. a3 Kc5 43. f5 exf5 44. gxf5 gxf5 45. Nxf5 Be4 46.
Nd4 Kd5 47. e6 Bg6 48. Ne2 Kc4 49. Nf4 Be8 50. Kc2 Kc5 51. Kd3 Bb5+ 52. Kd2 Kc4
53. Kc2 Kc5 54. Nd3+ Kd6 55. Nb2 Kxe6 56. c4 Bc6 57. Kc3 Ke5 58. Kb4 Kd4 59. c5
Bd7 60. Nc4 Bc6 61. Na5 Kd5 62. Nxc6 Kxc6 63. Kc4 Kc7 64. Kb5 Kb7 65. Kxa4 Ka6
66. Kb4 Ka7 67. Kb5 Kb7 68. c6+ Ka7 69. Kc5 1-0

[Event "7. Torneo de Promoción de Almansa 2012"]
[Site "Almansa ESP"]
[Date "2012.08.08"]
[Round "2.1"]
[White "Mingarro Carceller, Sergi"]
[Black "Fernandez Barrera, Victor"]
[Result "1-0"]
[WhiteElo "2158"]
[BlackElo "2316"]
[PlyCount "63"]
[EventDate "2012.08.07"]
[EventType "swiss"]
[EventRounds "9"]
[EventCountry "ESP"]
[Source "lmi"]
[SourceDate "2012.08.07"]

1. d4 Nf6 2. c4 e6 3. Nf3 b6 4. g3 Bb7 5. Bg2 Be7 6. O-O O-O 7. Nc3 Ne4 8. Qc2
Nxc3 9. Qxc3 d6 10. Qc2 f5 11. d5 e5 12. b4 a5 13. bxa5 Rxa5 14. Bd2 Ra7 15. a4
Nd7 16. a5 Qa8 17. Bh3 g6 18. Bh6 Nc5 19. Bxf8 Bxf8 20. Ng5 e4 21. f3 Bg7 22.
Ra3 Bf6 23. fxe4 Bxg5 24. exf5 Qe8 25. fxg6 Qxg6 26. Bf5 Qg7 27. Bxh7+ Kh8 28.
Raf3 Ra8 29. Rf7 Qd4+ 30. Kg2 Bh6 31. Qg6 Bg7 32. Rf8+ 1-0

[Event "7. Torneo de Promoción de Almansa 2012"]
[Site "Almansa ESP"]
[Date "2012.08.08"]
[Round "2.2"]
[White "Montoliu Cervero, Francisco"]
[Black "Romero Berruezo, Francisco"]
[Result "1-0"]
[WhiteElo "2270"]
[BlackElo "2154"]
[PlyCount "109"]
[EventDate "2012.08.07"]
[EventType "swiss"]
[EventRounds "9"]
[EventCountry "ESP"]
[Source "lmi"]
[SourceDate "2012.08.07"]

1. e4 e6 2. d4 d5 3. e5 c5 4. c3 Nc6 5. Nf3 Bd7 6. a3 f6 7. b4 fxe5 8. Nxe5
cxd4 9. cxd4 Nf6 10. Bb2 Bd6 11. Bd3 O-O 12. O-O Qc7 13. Qe2 Rae8 14. Nd2 Qb6
15. Nb3 Nd8 16. Nc5 Bc8 17. Rac1 Nf7 18. Rc2 Nh6 19. Rfc1 Bb8 20. h3 Qd6 21. f4
a6 22. a4 b6 23. Nxa6 Bxa6 24. Bxa6 Ne4 25. Qe3 Nf5 26. Qd3 Nfg3 27. Ba3 Qd8
28. Rc8 Qh4 29. Rxe8 Rxe8 30. Rc8 Rd8 31. Qb5 Nd6 32. Rxd8+ Qxd8 33. Qd7 Qxd7
34. Nxd7 Bc7 35. Ne5 Ngf5 36. Bb2 Ne4 37. g4 Nfd6 38. Bd3 h5 39. Kg2 hxg4 40.
hxg4 g5 41. fxg5 Nxg5 42. Bc3 Nge4 43. Be1 Kg7 44. a5 b5 45. Nc6 Nf6 46. Kf3
Nd7 47. Na7 e5 48. Nxb5 e4+ 49. Ke3 Bb8 50. Nxd6 Bxd6 51. Be2 Kf6 52. b5 Kg5
53. b6 Bf4+ 54. Kf2 Bb8 55. Bb4 1-0

[Event "7. Torneo de Promoción de Almansa 2012"]
[Site "Almansa ESP"]
[Date "2012.08.08"]
[Round "2.3"]
[White "Diaz Velandia, Jose Manuel"]
[Black "Ferrer Sanchez, Pedro Jesus"]
[Result "1-0"]
[WhiteElo "2251"]
[BlackElo "2145"]
[PlyCount "55"]
[EventDate "2012.08.07"]
[EventType "swiss"]
[EventRounds "9"]
[EventCountry "ESP"]
[Source "lmi"]
[SourceDate "2012.08.07"]

1. e4 c5 2. Nf3 d6 3. d4 cxd4 4. Nxd4 Nf6 5. Nc3 a6 6. h3 e6 7. g4 h6 8. Bg2
Ra7 9. Be3 b6 10. a4 Rc7 11. O-O Bb7 12. f4 Rxc3 13. bxc3 Nxe4 14. Ne2 Qc7 15.
Bxe4 Bxe4 16. Qd4 d5 17. Qxb6 Qxb6 18. Bxb6 Nd7 19. Bd4 Bxc2 20. Rf2 f6 21. Ng3
Bd3 22. Re1 Kf7 23. Rb2 Bd6 24. Rb7 Ke7 25. Nf5+ Bxf5 26. gxf5 e5 27. fxe5 fxe5
28. Bxe5 1-0

[Event "7. Torneo de Promoción de Almansa 2012"]
[Site "Almansa ESP"]
[Date "2012.08.08"]
[Round "2.4"]
[White "Arias Igual, Alejandro"]
[Black "Martin Duque, Jesus"]
[Result "1/2-1/2"]
[WhiteElo "2150"]
[BlackElo "2245"]
[PlyCount "105"]
[EventDate "2012.08.07"]
[EventType "swiss"]
[EventRounds "9"]
[EventCountry "ESP"]
[Source "lmi"]
[SourceDate "2012.08.07"]

1. d4 Nf6 2. c4 c6 3. Nf3 d5 4. Qc2 dxc4 5. Qxc4 Bf5 6. g3 e6 7. Bg2 Be7 8. O-O
O-O 9. Nbd2 Nbd7 10. e3 c5 11. h3 Rc8 12. Nh4 cxd4 13. Qxd4 Bc5 14. Qc3 Bb6 15.
Qa3 Bc2 16. Bxb7 Rc7 17. Bg2 Ne5 18. Nhf3 Bc5 19. Qc3 Bd6 20. Qa5 Nd3 21. Nb3
Bb4 22. Qb5 Qd6 23. Bd2 Bxd2 24. Nbxd2 Rc5 25. Qb7 a6 26. Nd4 Rb8 27. Qa7 Rxb2
28. N2b3 Rc8 29. Bb7 Rb8 30. Qxa6 Qc7 31. Nxc2 Qxc2 32. Nd4 Qc3 33. Bg2 g6 34.
Qc6 Qa3 35. Rad1 Nb4 36. Qd6 Nc2 37. Qe5 Nxd4 38. exd4 Kg7 39. g4 h6 40. h4
R2b5 41. d5 Qb2 42. Qxb2 Rxb2 43. dxe6 Nxg4 44. Rd7 Kf6 45. exf7 Ne5 46. Ra7
Nxf7 47. Rc1 Rb1 48. Rac7 Ne5 49. Be4 R1b4 50. f3 Ra4 51. Rd1 Ke6 52. Rh7 Rxa2
53. Rxh6 1/2-1/2

[Event "7. Torneo de Promoción de Almansa 2012"]
[Site "Almansa ESP"]
[Date "2012.08.08"]
[Round "2.5"]
[White "Berrocal, Jorge"]
[Black "Nicolas Zapata, Javier"]
[Result "0-1"]
[WhiteElo "2240"]
[BlackElo "2043"]
[PlyCount "64"]
[EventDate "2012.08.07"]
[EventType "swiss"]
[EventRounds "9"]
[EventCountry "ESP"]
[Source "lmi"]
[SourceDate "2012.08.07"]

1. e4 c5 2. Nf3 d6 3. d4 cxd4 4. Nxd4 Nf6 5. Nc3 g6 6. Be3 Bg7 7. Bc4 O-O 8. f3
Nc6 9. Qd2 Bd7 10. O-O-O Rb8 11. Bb3 Na5 12. h4 b5 13. Kb1 Nc4 14. Bxc4 bxc4
15. Nde2 Qa5 16. Ka1 Qb4 17. Rb1 Rfc8 18. a3 Qa5 19. Ka2 Rc6 20. Ra1 Ra6 21.
Qc1 Ne8 22. g4 Nc7 23. Bd4 e5 24. Be3 Bf8 25. Nd5 Be6 26. Nec3 Nb5 27. Nxb5
Rxb5 28. Nc3 Rb8 29. h5 d5 30. exd5 Rxb2+ 31. Qxb2 Bxa3 32. Qb5 Bc1+ 0-1

[Event "7. Torneo de Promoción de Almansa 2012"]
[Site "Almansa ESP"]
[Date "2012.08.08"]
[Round "2.6"]
[White "Ontanon Gomez, Pablo"]
[Black "Montalban Galvez, Antoni"]
[Result "0-1"]
[WhiteElo "2107"]
[BlackElo "2204"]
[PlyCount "110"]
[EventDate "2012.08.07"]
[EventType "swiss"]
[EventRounds "9"]
[EventCountry "ESP"]
[Source "lmi"]
[SourceDate "2012.08.07"]

1. e4 c5 2. Nf3 Nc6 3. Bb5 g6 4. O-O Bg7 5. Bxc6 bxc6 6. d4 cxd4 7. Nxd4 Nf6 8.
Nc3 O-O 9. e5 Nd5 10. Nxd5 cxd5 11. Re1 Rb8 12. Nb3 d6 13. Nd4 Qb6 14. Nf3 Bg4
15. Qxd5 Bxf3 16. Qxf3 Bxe5 17. c3 Rfc8 18. Re2 Qb7 19. Qxb7 Rxb7 20. Rc2 d5
21. Re2 Bf6 22. Bf4 e6 23. Rd1 Kg7 24. h3 Rc4 25. Be3 Re4 26. Red2 Rc4 27. Kf1
a5 28. Bd4 a4 29. Bxf6+ Kxf6 30. a3 Re4 31. Re1 Rxe1+ 32. Kxe1 Rb5 33. Ke2 e5
34. Ke3 Ke6 35. f4 f6 36. g3 h5 37. fxe5 fxe5 38. Kd3 Rb7 39. Ke3 Rf7 40. Rd1
g5 41. Rh1 Rf6 42. Ke2 e4 43. Rd1 Rf3 44. Rg1 Ke5 45. g4 h4 46. Rh1 Rg3 47. Rf1
Rxh3 48. Rf5+ Ke6 49. Rxg5 Rh2+ 50. Ke3 Rxb2 51. Rg6+ Ke5 52. Rg5+ Kd6 53. Rh5
Rc2 54. Rxh4 Rxc3+ 55. Kd4 Rd3# 0-1

[Event "7. Torneo de Promoción de Almansa 2012"]
[Site "Almansa ESP"]
[Date "2012.08.08"]
[Round "2.7"]
[White "Buendia Pinar, Alvaro"]
[Black "Gil Quilez, David"]
[Result "1/2-1/2"]
[WhiteElo "2032"]
[BlackElo "2179"]
[PlyCount "97"]
[EventDate "2012.08.07"]
[EventType "swiss"]
[EventRounds "9"]
[EventCountry "ESP"]
[Source "lmi"]
[SourceDate "2012.08.07"]

1. e4 e5 2. Nf3 Nc6 3. d4 exd4 4. Nxd4 Nf6 5. Nc3 Bb4 6. Nxc6 bxc6 7. Bd3 d5 8.
exd5 cxd5 9. O-O O-O 10. Bg5 c6 11. Qf3 Be7 12. h3 Re8 13. Rfe1 h6 14. Bh4 Be6
15. Ne2 Nd7 16. Bxe7 Qxe7 17. Nd4 Qd6 18. Nxe6 fxe6 19. Rad1 Nf6 20. Bg6 Re7
21. Qe3 e5 22. c4 Qb4 23. cxd5 cxd5 24. b3 Rd8 25. Bd3 d4 26. Bc4+ Kh8 27. Qd2
Qb6 28. f3 e4 29. fxe4 Rxe4 30. Bd3 Re3 31. Qf2 Rde8 32. Rf1 Qa5 33. Qf5 Qxf5
34. Bxf5 Rd8 35. Rf4 d3 36. Rf3 Rxf3 37. gxf3 d2 38. Kf2 Rd5 39. Bc2 Nh5 40.
Ke3 Ng3 41. Kf2 Nh5 42. Ke3 Ng3 43. Bd3 Rh5 44. Rxd2 Rxh3 45. Kf4 Nh5+ 46. Kg4
Rh1 47. Rc2 Nf6+ 48. Kf5 Re1 49. Rc8+ 1/2-1/2